Waste electrical and electronic equipment (WEEE) handbook/ (Record no. 169521)

MARC details
000 -LEADER
fixed length control field 01276nam a2200361 a 4500
008 - FIXED-LENGTH DATA ELEMENTS--GENERAL INFORMATION
fixed length control field
020 ## - INTERNATIONAL STANDARD BOOK NUMBER
International Standard Book Number 9780081021583 (paperback)
040 ## - CATALOGING SOURCE
Original cataloging agency NUST
Transcribing agency NUST
049 ## - LOCAL HOLDINGS (OCLC)
Holding library MAIN
090 ## - LOCALLY ASSIGNED LC-TYPE CALL NUMBER (OCLC); LOCAL CALL NUMBER (RLIN)
Classification number (OCLC) (R) ; Classification number, CALL (RLIN) (NR) TD799.85
Local cutter number (OCLC) ; Book number/undivided call number, CALL (RLIN) WAS
003 - CONTROL NUMBER IDENTIFIER
control field
005 - DATE AND TIME OF LATEST TRANSACTION
control field 20230123141215.0
245 10 - TITLE STATEMENT
Title Waste electrical and electronic equipment (WEEE) handbook/
Statement of responsibility, etc. edited by Vannessa Goodship ; Ab Stevels & Jaco Huisman.
250 ## - EDITION STATEMENT
Edition statement Second edition.
260 ## - PUBLICATION, DISTRIBUTION, ETC.
Place of publication, distribution, etc. Duxford, U.K :
Name of publisher, distributor, etc. Woodhead,
Date of publication, distribution, etc. 2019.
300 ## - PHYSICAL DESCRIPTION
Extent xxviii, 709 pages :
Other physical details illustrations (chiefly colour) ;
Dimensions 24 cm.
336 ## - CONTENT TYPE
Content type term text
Content type code txt
Source rdacontent
337 ## - MEDIA TYPE
Media type term unmediated
Media type code n
Source rdamedia
338 ## - CARRIER TYPE
Carrier type term volume
Carrier type code nc
Source rdacarrier
440 ## - SERIES STATEMENT/ADDED ENTRY--TITLE
Title Woodhead Publishing series in electronic and optical materials.
500 ## - GENERAL NOTE
General note Includes index.
504 ## - BIBLIOGRAPHY, ETC. NOTE
Bibliography, etc. note Includes bibliographical references.
650 #1 - SUBJECT ADDED ENTRY--TOPICAL TERM
Topical term or geographic name entry element Recycling (Waste, etc).
650 ## - SUBJECT ADDED ENTRY--TOPICAL TERM
Topical term or geographic name entry element Electronic waste.
650 ## - SUBJECT ADDED ENTRY--TOPICAL TERM
Topical term or geographic name entry element Refuse and refuse disposal
General subdivision Law and legislation.
650 ## - SUBJECT ADDED ENTRY--TOPICAL TERM
Topical term or geographic name entry element Great Britain.
650 ## - SUBJECT ADDED ENTRY--TOPICAL TERM
Topical term or geographic name entry element Electronic waste
General subdivision Management.
700 ## - ADDED ENTRY--PERSONAL NAME
Personal name Goodship, Vannessa.,
-- editor.
700 ## - ADDED ENTRY--PERSONAL NAME
Personal name Stevels, Ab.,
-- editor.
700 ## - ADDED ENTRY--PERSONAL NAME
Personal name Huisman, Jaco.,
-- editor.
907 ## - LOCAL DATA ELEMENT G, LDG (RLIN)
a .b10407479
b 26-07-21
c 26-07-21
942 ## - ADDED ENTRY ELEMENTS (KOHA)
Koha item type Ordinary Loan Books
Call number prefix TD799.85
Call number suffix WAS
Holdings
Date last seen Total Checkouts Full call number Barcode Cost, replacement price Price effective from Koha item type Lost status Source of classification or shelving scheme Damaged status Not for loan Collection Withdrawn status Home library Current library Shelving location Date acquired Cost, normal purchase price
01/23/2023   TD799.85 WAS 92004048548 80.00 01/23/2023 BOOKS   LCC     NFIC   MAIN MAIN GEN 01/23/2023 80.00